000 003440000a22000970004500
100 1 _aRedacción Cambio 16
245 1 0 _aLos ELENOS levan anclas : El último avance de la tecnología militar guerrillera tiene 16 cañones y puede transportar 50 hombres
300 _aVol. 96, Num. 96 (Abril, 1995), Página 24
773 0 _tCambio 16
942 _cANA
999 _c58659
_d58659